Регионална библиотека "Любен Каравелов" - Русе

Социалистическа организация на труда в транспорта [Изобразителен материал] (Запис номер 399305)

MARC детайли
000 -Лидер
Контролно поле с фиксирана дължина nkm a22 a 4500
003 - Код на организацията, давaща контролен номер
Контролно поле BLK
005 - Дата и час на последна редакция
Контролно поле 20221202103423.0
008 - Елементи от данни с фиксирана дължина
fixed length control field 210226b bu ||||| |||| 00| 0 bu d
040 ## - Източник на каталожния запис
Идентификатор на билиотеката - собственик на записа BLK
041 ## - Код за език
Код за езика на текст/звукозапис или на отделно заглавие Български
Код за езика КДБФ Български
080 ## - УДК
Текстов определител УДК Организация на труда. Вж и 651 ; 658
УДК код - определител по УДК 331.103
УДК определител (497.2-664)(084.2)
УДК - код + определител 331.103(497.2-664)(084.2)
139 ## - Редно поле
Редна дума Социалистическа организация на труда в транспорта [Изобразителен материал]
245 ## - Сведения за заглавието
Заглавие Социалистическа организация на труда в транспорта [Изобразителен материал]
Подзаглавни данни нагледно пособие
Редно поле (дума) Д. Шопов и др. ; ред. Маргарита Савова
Физически носител (вид на носителя)
260 ## - Област на издателските данни
9 (RLIN) 210539
Място на издаване, разпространение и проч. София
Име на издателя, разпространителя и проч. Септември
Година на издаване 1980
Издателство - префикс ISBN 954-406-
300 ## - Физическа характеристика
Страници 1 папка (30 отд. цв. л. табл., диагр.) ;
Размери/Мащаб 41 х 31 см
380 ## - Жанр
Жанр Обществени науки
650 #0 - Допълнително описание по предмет – тема
9 (RLIN) 428224
Основно описание – тема или топоним Прозводителност на труда – промишленост
653 #7 - Ключова дума – ненормативна
9 (RLIN) 192915
Ключова дума организация на труда
653 #7 - Ключова дума – ненормативна
9 (RLIN) 198586
Ключова дума транспорт
700 ## - Други автори (авторска отговорност)
Лично име Шопов, Димитър Атанасов
9 (RLIN) 246097
852 ## - Местоположение
Форматна сигнатура Цб ІІІ 149
Фондова буква Хранилище
999 ## - СИСТЕМНИ КОНТРОЛНИ НОМЕРА
Koha biblionumber 399305
Koha biblioitemnumber 399305
942 ## - АРТИКУЛИ
Източник на класификационната схема Universal Decimal Classification
Вид на библиотечния материал Графични издания
Скрит в OPAC Не
Периодичен библиозапис Да
944 ## - СЪЗДАВАНЕ И РЕДАКЦИЯ на ЗАПИСА
Създаване/Редакция Създаване
Дата на регистрацията/редакция 2021-02-26
Служител, извършил регистрацията/редакцията ГГГ
Наличности
Код за отписване Код за изгубен артикул Източник на класификационната схема Код за повреда Код за отдаване Артикулен № Име на библиотеката - собственик Име на библиотеката, в която се намира в момента Статус (Текущо местоположение) Дата на вписване в системата Местоположение - отдел Цена в лева Инвентарен номер Систематично азбучна сигнатура Баркод Цена в евро Служебен тип на артикула
  Не е изгубен Universal Decimal Classification Не е повреден ползва се в читалня 813793 Регионална библиотека "Любен Каравелов" Русе Регионална библиотека "Любен Каравелов" Русе Хранилище 2021-03-01 Хранилище 8.10 319233 Цб ІІІ 149 120000319233 4.14 Графични издания
Vip Innovations Ltd, Rousse, Bulgaria 2025